000 01435nam a2200349Ia 4500
001 ebr10135510
003 CaPaEBR
006 m u
007 cr cn|||||||||
008 030224s2003 nyuab sb 000 0 eng d
010 _z 2003042995
020 _z1403981698
020 _z1403962081 (hbk.)
040 _aCaPaEBR
_cCaPaEBR
035 _a(OCoLC)560536156
050 1 4 _aD804.G3
_bP67 2003eb
082 0 4 _a940.53/45632
_221
100 1 _aPortelli, Alessandro.
245 1 4 _aThe order has been carried out
_h[electronic resource] :
_bhistory, memory, and meaning of a Nazi massacre in Rome /
_cAlessandro Portelli.
250 _a1st Palgrave Macmillan ed.
260 _aNew York :
_bPalgrave Macmillan,
_c2003.
300 _a329 p. :
_bill., maps.
504 _aIncludes bibliographical references.
533 _aElectronic reproduction.
_bPalo Alto, Calif. :
_cebrary,
_d2009.
_nAvailable via World Wide Web.
_nAccess may be limited to ebrary affiliated libraries.
650 0 _aArdeatine Caves Massacre, Rome, Italy, 1944.
650 0 _aWorld War, 1939-1945
_xAtrocities
_zItaly
_zRome.
650 0 _aWorld War, 1939-1945
_xPrisoners and prisons, German.
651 0 _aRome (Italy)
_xHistory
_y20th century.
655 7 _aElectronic books.
_2local
710 2 _aebrary, Inc.
856 4 0 _uhttp://site.ebrary.com/lib/rucke/Doc?id=10135510
_zAn electronic book accessible through the World Wide Web; click to view
999 _c187887
_d187887